000 00968nas a2200301 4500
001 BR2017000776
003 BR-BrBNA
005 20231205130852.0
007 ta
008 230509b bl.|||p| |||| 00| 00por d
040 _aBR-BrBNA
_bpor
_cBiblioteca Nacional de Agricultura
041 _a(En)
072 _aQ52
100 1 _aBelém, C. dos S.
100 1 _aSouza, A.M. de
100 1 _aLima, P.R. de
100 1 _aCarvalho, F.A.L. de
100 1 _aQueiroz, M.A.A.
100 1 _aCosta, M.M. da
245 1 _aDigestibility, fermentation and microbiological characterístics of Calotropis procera silage with different quantities of grape pomace
650 _aNUTRIÇÃO ANIMAL
650 _aSILAGEM
650 _aDIGESTIBILIDADE
650 _aÁCIDO ORGÂNICO
773 0 _tCiência e Agrotecnologia (Brazil)
_xISSN 1413-7054
_g(Nov-Dec 2016), v. 40(6) p. 698-705
_wBR2017000776
909 _a202311
_bLúcia
_c55
_dLúcia Elande
942 _2AGRIS
_n0
_cANA
999 _c251753
_d251753